Wyoming Geography Quiz - Sudden Death - Statistics

General Stats
  • This quiz has been taken 410 times
  • The average score is 8 of 20
Answers on the Grid
Answers color-coded by a green-red scale on the quiz's grid according to % correct below.
Badlands National Park
Bismarck
Black Hills
Bozeman
Casper
Cheyenne
Colorado Springs
Devils Lake
Devils Tower National Monument
Fort Laramie National Historic Site
Fort Wayne
Four Corners
Gillette
Glacier National Park
Grand Teton National Park
Great Falls
Great Plains
Great Salt Lake
Green River
International Falls
Lake Mead
Little Bighorn National Battlefield
Missouri River
Moab
Mount Rushmore National Park
Noth Platte River
Old Faithful
Oregon National Historic Trail
Pierre
Powder River
Rio Grande
Rocky Mountains
Sheridan
Snake River
Spokane
Thunder Basin National Grassland
White Sands National Park
Wind River Reservation
Yellowstone National Park
Yellowstone River
 
Answer Stats
Answer % Correct
Casper
86%
Cheyenne
82%
Devils Tower National Monument
59%
Fort Laramie National Historic Site
55%
Gillette
55%
Grand Teton National Park
51%
Yellowstone National Park
45%
Yellowstone River
45%
Old Faithful
42%
Rocky Mountains
37%
Sheridan
37%
Green River
36%
Snake River
33%
Wind River Reservation
33%
Great Plains
28%
Powder River
27%
Black Hills
26%
Oregon National Historic Trail
26%
Thunder Basin National Grassland
24%
Noth Platte River
23%
No matching quizzes found
Score Distribution
Percent of People with Each Score
Percentile by Number Answered
Your Score History
You have not taken this quiz